000 00296nam a22001337a 4500
020 _a818869734-6
082 _a823
_bDEF/G
100 _aDEFOE,DANIEL
245 _aGREAT WORKS OF DANIEL DEFOE
260 _aDELHI
_bBLACK ROSE PUBLICATIONS
300 _a808
650 _aNOVEL
_zINDIA
942 _cBK
999 _c3555
_d3555